[Event "GER-chT Betriebe 18th"]
[Site "Altenberg Zinnwald"]
[Date "2018.11.08"]
[Round "2.4"]
[White "Selmanaj, Agim"]
[Black "Buchholz, Robert"]
[Result "0-1"]
[WhiteElo "1643"]
[BlackElo "1967"]
[PlyCount "45"]
[EventDate "2018.11.08"]
[EventType "team-swiss"]
[EventRounds "7"]
[EventCountry "GER"]
[SourceTitle "EXT 2020"]
[Source "ChessBase"]
[SourceDate "2019.10.17"]
[SourceVersion "1"]
[SourceVersionDate "2019.10.17"]
[SourceQuality "1"]
[WhiteTeam "Herne Wanne Eickel EKJ"]
[BlackTeam "Hamburg Baubehoerde"]
[WhiteTeamCountry "GER"]
[BlackTeamCountry "GER"]

1. e4 d5 2. e5 c5 3. c3 Nc6 4. d4 Nh6 5. Bxh6 gxh6 6. h3 Qb6 7. Qc2 cxd4 8. Nf3 dxc3 9. Nxc3 e6 10. a3 Bd7 11. Bd3 Bg7 12. 0-0 Nxe5 13. Nxe5 Bxe5 14. Rfe1 Qd6 15. Rad1 Rc8 16. Qd2 Bf4 17. Qe2 Kf8 18. Qh5 Rc5 19. Qe2 f5 20. Bb5 Kf7 21. Bxd7 Qxd7 22. h4 Rg8 23. Nb5 0-1

[Event "GER-chT Betriebe 17th"]
[Site "Berlin"]
[Date "2017.11.02"]
[Round "1.4"]
[White "Dehmel, Jens"]
[Black "Selmanaj, Agim"]
[Result "1-0"]
[WhiteElo "2082"]
[BlackElo "1643"]
[PlyCount "79"]
[EventDate "2017.11.02"]
[EventType "team-swiss"]
[EventRounds "7"]
[EventCountry "GER"]
[SourceTitle "EXT 2020"]
[Source "ChessBase"]
[SourceDate "2019.10.17"]
[SourceVersion "1"]
[SourceVersionDate "2019.10.17"]
[SourceQuality "1"]
[WhiteTeam "Bonn Deutsche Post"]
[BlackTeam "Herne Wanne Eickel EKJ"]
[WhiteTeamCountry "GER"]
[BlackTeamCountry "GER"]

1. d4 g6 2. e4 Bg7 3. Nc3 d6 4. Be3 Nc6 5. Bb5 Bd7 6. Qd2 a6 7. Be2 e5 8. Nf3 f6 9. 0-0-0 exd4 10. Nxd4 Nxd4 11. Bxd4 Be6 12. Kb1 Ne7 13. h4 h5 14. Qf4 Nc6 15. Be3 Qd7 16. Qg3 Qf7 17. Nd5 0-0-0 18. a3 Kb8 19. Nf4 Ne7 20. Nxe6 Qxe6 21. Bd3 Qf7 22. Rhe1 Nc6 23. f4 Bh6 24. Qf3 Rhe8 25. g4 hxg4 26. Qxg4 b5 27. Rg1 Rg8 28. Qg2 Ne7 29. a4 c6 30. Qd2 Nc8 31. Qa5 Qb7 32. axb5 axb5 33. Rxg6 Rxg6 34. Qxd8 Bg7 35. f5 Rg4 36. h5 Rh4 37. h6 Bxh6 38. Qxf6 Bxe3 39. Qxh4 c5 40. e5 1-0

[Event "GER-chT Betriebe 16th"]
[Site "Dresden"]
[Date "2016.11.03"]
[Round "1.4"]
[White "Selmanaj, Agim"]
[Black "Fischer, Alexander"]
[Result "0-1"]
[WhiteElo "1643"]
[BlackElo "2038"]
[PlyCount "52"]
[EventDate "2016.11.03"]
[EventType "team-swiss"]
[EventRounds "7"]
[EventCountry "GER"]
[SourceTitle "EXT 2020"]
[Source "ChessBase"]
[SourceDate "2019.10.17"]
[SourceVersion "1"]
[SourceVersionDate "2019.10.17"]
[SourceQuality "1"]
[WhiteTeam "Herne Wanne Eickel EKJ"]
[BlackTeam "Frankfurt Commerzbank"]
[WhiteTeamCountry "GER"]
[BlackTeamCountry "GER"]

1. e4 c6 2. Bc4 d5 3. exd5 cxd5 4. Bb3 Nf6 5. d4 Bf5 6. c3 e6 7. Bc2 Bxc2 8. Qxc2 Bd6 9. Bg5 Nbd7 10. Nf3 Qc7 11. Nbd2 0-0 12. Bh4 b5 13. 0-0 Rfc8 14. Bg3 b4 15. Rac1 bxc3 16. bxc3 Bxg3 17. fxg3 h6 18. Rfe1 Rab8 19. Ne5 Nxe5 20. Rxe5 Rb7 21. h3 Rcb8 22. g4 Rb2 23. Qd3 Rxa2 24. g5 hxg5 25. Rxg5 Qf4 26. Rb1 Rxb1+ 0-1

[Event "GER-chT Betriebe 15th"]
[Site "Munich"]
[Date "2015.10.23"]
[Round "4.3"]
[White "Selmanaj, Agim"]
[Black "Daebritz, Hans Joerg"]
[Result "1/2-1/2"]
[WhiteElo "1599"]
[BlackElo "1907"]
[PlyCount "60"]
[EventDate "2015.10.22"]
[EventType "team-swiss"]
[EventRounds "7"]
[EventCountry "GER"]
[SourceTitle "EXT 2020"]
[Source "ChessBase"]
[SourceDate "2019.10.17"]
[SourceVersion "1"]
[SourceVersionDate "2019.10.17"]
[SourceQuality "1"]
[WhiteTeam "Herne Wanne Eickel EKJ"]
[BlackTeam "Muenchen Flughafen"]
[WhiteTeamCountry "GER"]
[BlackTeamCountry "GER"]

1. g3 d5 2. Bg2 Nf6 3. Nf3 e6 4. d3 Bd6 5. 0-0 0-0 6. Nc3 c6 7. e4 Nbd7 8. Re1 Qc7 9. Bg5 dxe4 10. Nxe4 Nxe4 11. dxe4 h6 12. Be3 Nb6 13. Qd2 e5 14. c3 Be6 15. b3 a5 16. Bf1 a4 17. Rad1 Be7 18. Qb2 c5 19. c4 Qc6 20. Nd2 Rad8 21. f3 Rd7 22. Be2 Rfd8 23. Nf1 axb3 24. axb3 Rxd1 25. Rxd1 Rxd1 26. Bxd1 Nd7 27. Qd2 b5 28. Be2 bxc4 29. Bxc4 Nb6 30. Bxe6 Qxe6 1/2-1/2

[Event "Ruhrgebiet Verbandsliga Gruppe 1 1415"]
[Site "Germany"]
[Date "2015.02.08"]
[Round "6"]
[White "Selmanaj, Agim"]
[Black "Holtkamp, Matthias"]
[Result "0-1"]
[WhiteElo "1564"]
[BlackElo "1902"]
[PlyCount "123"]
[EventDate "2014.09.21"]
[EventType "team-tourn"]
[EventRounds "9"]
[EventCountry "GER"]
[SourceTitle "EXT 2022"]
[Source "ChessBase"]
[SourceDate "2021.10.06"]
[SourceVersion "1"]
[SourceVersionDate "2021.10.06"]
[SourceQuality "1"]
[WhiteTeam "Herne Sodingen II"]
[BlackTeam "Gladbeck SG"]
[WhiteTeamCountry "GER"]
[BlackTeamCountry "GER"]

1. e4 e6 2. Nc3 d5 3. exd5 exd5 4. d4 Nf6 5. Bd3 Be7 6. Nge2 0-0 7. 0-0 Bg4 8. f3 Bd7 9. a3 c5 10. dxc5 Bxc5+ 11. Kh1 a6 12. Bg5 Bc6 13. b4 Be7 14. Bf5 h6 15. Bh4 Nbd7 16. Bxd7 Qxd7 17. Qd3 Rac8 18. Nd4 g5 19. Bf2 Rfd8 20. Nf5 Bf8 21. Bd4 Nh5 22. g3 Re8 23. Rae1 Re6 24. Re3 Rxe3 25. Bxe3 Re8 26. g4 Nf6 27. Bd4 Re6 28. Bxf6 Rxf6 29. Rd1 Re6 30. Kg1 Qc7 31. Rd2 Re1+ 32. Kg2 Ra1 33. Nxd5 Bxd5 34. Qxd5 Rxa3 35. Qe4 Rc3 36. Ne3 Qc6 37. Nd1 Qxe4 38. fxe4 Rc4 39. c3 Rxe4 40. Kf3 Re6 41. Rd8 Rd6 42. Rxd6 Bxd6 43. h3 Kf8 44. Ke4 Ke7 45. Ne3 Ke6 46. Nd5 b5 47. Ne3 Be5 48. Nd5 h5 49. c4 bxc4 50. Ne3 hxg4 51. hxg4 c3 52. Kd3 Kd6 53. Nc4+ Kd5 54. Nxe5 Kxe5 55. Kxc3 Kf4 56. Kc4 Kxg4 57. Kc5 Kf3 58. Kb6 g4 59. Kxa6 g3 60. b5 g2 61. b6 g1Q 62. b7 0-1